Consumer legislation in the EC countries : a comparative analysis : a study /

Bibliographic Details
Main Author: Reich, Norbert
Corporate Author: Commission of the European Communities
Other Authors: Micklitz, Hans-W
Format: Book
Language:English
Published: New York : Van Nostrand Reinhold Co., 1980.
Subjects:

MARC

Tag First Indicator Second Indicator Subfields
LEADER 00000cam a22000008a 4500
001 in00000079694
005 20151008053953.0
008 791213s1980 nyu 00110 engm
010 |a  79026997  
020 |a 0442304099 
035 |a (OCoLC)05846637 
035 |9 AAH9226AM 
040 |a DLC  |c DLC  |d m.c.  |d TXA  |d UtOrBLW 
043 |a ew----- 
049 |a TXAM  |c [1501913] 
050 0 0 |a LAW 
090 |a KJC6577  |b .R45 1980 
099 |a KJ  |a R347 
100 1 |a Reich, Norbert. 
245 1 0 |a Consumer legislation in the EC countries :  |b a comparative analysis : a study /  |c prepared for the EC Commission [by] Norbert Reich, Hans W. Micklitz ; translation, Sabine Geis. 
263 |a 8012 
264 1 |a New York :  |b Van Nostrand Reinhold Co.,  |c 1980. 
300 |a xiii, 206 pages ;  |c 24 cm. 
336 |a text  |b txt  |2 rdacontent 
337 |a unmediated  |b n  |2 rdamedia 
338 |a volume  |b nc  |2 rdacarrier 
500 |a Includes indexes. 
650 0 |a Consumer protection  |x Law and legislation  |z European Economic Community countries. 
700 1 |a Micklitz, Hans-W. 
710 2 |a Commission of the European Communities. 
999 |a MARS 
999 f f |s 5ce93780-a612-3034-8192-1fe3511cfa76  |i 7e3b3aa7-2b32-34d1-9812-de78182fd411  |t 0 
952 f f |p ric  |a Texas A&M University  |b Rellis Campus  |c Joint Library Facility  |d Remote Storage  |t 0  |e KJC6577 .R45 1980  |h Library of Congress classification  |i unmediated -- volume  |m A14806074509 
998 f f |a KJC6577 .R45 1980  |t 0  |l Remote Storage